000 00757nam a2200229 a 4500
008
020 _a0090073969(pbk.)
049 _aMAIN
090 _aTS1449 COM.
110 1 _aTextile institute.
245 1 0 _aComputers in the world of textiles.
_bpapers presented at the annual world conference. /
_cTextile institute .
260 _aEngland :
_bThe textile institute,
_c1984.
300 _aviii, 718 p. :
_bill. ;
_c25 cm.
504 _aIncludes bibliographical references.
650 0 _aTextile industry
_x modern technology.
650 0 _aTextile industry
_xcomputers.
907 _a.b1003349x
_b29-01-07
_c17-04-03
003
005 20230123134344.0
040 _cNUST
942 _cBOOKS
_kTS1449 COM.
999 _c164477
_d164477